00621nam a22001097a 4500040000800000082002800008100004500036245036500081260002600446300002300472856001600495 cRUA aAED KON 2018 B650 Or.1  aKONG NAROTH គង់ ណារ៉ូត athe study on keo lomeat mango marketing in peamouknhaong commune lvea em dristric, kandal province ការសិក្សារអំពីបណ្តាញទីផ្សារផលិតផលស្វាយកែវល្មៀយនៅឃុំពាមឧកញ្ញ៉ាអុង ស្រុកល្វាឯម ខេត្តកណ្តាល  aRUAbPhnom penhc2018 axi;49pbill;c29cm uKONG NAROTH